00673nam a22002177a 450000500170000000800410001702000150005804000070007304100120008008200250009210000190011724500620013626000340019830000320023236500300026465000400029465000420033465000330037670000210040970000250043020220421095058.0220421b ||||| |||| 00| 0 eng d a817046143X cAL aEnglish 223a305.420954bDEVD aMahasweta Devi aDust on the Road: The Activist Writings Of Mahasweta Devi aCalcuttabSeagull Booksc2000 axxxix,219 p.bPBc22x14 cm. b₹275.00c₹d₹275.00 aWomen -- India -- Social conditions aWomen -- India -- Economic conditions aWomen -- Economic conditions aDEVI (Mahasweta) aGHATAK (Maitreya) Tr